Catalog

Record Details

Catalog Search



Re-gifters / written by Mike Carey ; art by Sonny ... Read More

Carey, Mike.(Author).
Liew, Sonny, 1974-(Added Author). Hempel, Marc.(Added Author).

Available copies

  • 1 of 1 copy available at LARL/NWRL Consortium. (Show)
  • 1 of 1 copy available at Lake Agassiz Regional Library.

Current holds

0 current holds with 1 total copy.

Show Only Available Copies
Location Call Number / Copy Notes Barcode Shelving Location Status Due Date
Moorhead Public Library Y G CAR (Text) 33500009085937 Main Available -

Record details

  • ISBN: 9781401203719
  • ISBN: 140120371X
  • Physical Description: 148, [27] p., : ill. ; 21 cm.
  • Publisher: New York : DC Comics, 2007.
Subject: Hapkido > Fiction.
Genre: Graphic novels.
LDR 01088nam a22002893a 4500
00181307
003LARL_NWRL_CONSORTIUM
00520070618122718.0
008070613s2007 nyu 000 0 eng d
020 . ‡a9781401203719
020 . ‡a140120371X
035 . ‡a(OCoLC)144506289
040 . ‡aQNC ‡cQNC ‡dBAKER
1001 . ‡aCarey, Mike. ‡0(LARL_NWRL_CONSORTIUM)202728
24510. ‡aRe-gifters / ‡cwritten by Mike Carey ; art by Sonny Liew and Marc Hempel.
260 . ‡aNew York : ‡bDC Comics, ‡c2007.
300 . ‡a148, [27] p., : ‡bill. ; ‡c21 cm.
650 0. ‡aHapkido ‡vFiction.
655 0. ‡aGraphic novels.
7001 . ‡aLiew, Sonny, ‡d1974- ‡0(LARL_NWRL_CONSORTIUM)208660
7001 . ‡aHempel, Marc. ‡0(LARL_NWRL_CONSORTIUM)82232
901 . ‡a81307 ‡bOCLC ‡c81307 ‡tbiblio

Additional Resources